ბათუმის შოთა რუსთაველის სახელმწიფო უნივერსიტეტის ბიბლიოთეკა

მხაზველობითი გეომეტრიის ამოცანათა კრებული / (ბიბ.ჩანაწერი № 37656)

000 -ლიდერი
ფიქსირებული სიგრძის საკონტროლო ველი 00952nam a2200229Ia 4500
001 - საკონტროლო ნომერი
საკონტროლო ველი 3628
003 - საკონტროლო ნომრის იდენტიფიკატორი
საკონტროლო ველი GE_BSU
005 - ბოლო ოპერაციის თარიღი და დრო
საკონტროლო ველი 20190603155647.0
008 - ფიქსირებული სიგრძის მონაცემთა ელემენტები - ზოგადი ინფორმაცია
ფიქსირებული სიგრძის საკონტროლო ველი 181216s1961||||ge |||||||||||||| ||geo||
040 ## - კატალოგიზაციის წყარო
Transcribing agency GE_BSU
041 ## - ენის კოდი
Language code of text/sound track or separate title geo
080 ## - უნივერსალური ათობითი კლასიფიკაციის ინდექსი
Universal Decimal Classification number 514.18(076.1) გ–94
100 ## - მთავარი ჩანაწერი - პიროვნების სახელი
Personal name გულისაშვილი,თ.
9 (RLIN) 1998
245 ## - ცნობა სათაურის შესახებ
Title მხაზველობითი გეომეტრიის ამოცანათა კრებული /
Statement of responsibility, etc თ. გულისაშვილი ; რედ : ა.გულისაშვილი.
264 ## - წარმოების, გამოცემის, დისტრიბუციის და სხვა ცნობები
გამოცემის, წარმოების, დისტრიბუციის... ადგილი თბილისი :
გამოცემის, წარმოების, დისტრიბუციის... სახელწოდება სპი,
გამოცემის, წარმოების, დისტრიბუციის... თარიღი 1961.
300 ## - ფიზიკური აღწერა
Extent 196 გვ .:
Other physical details ნახაზ,
Dimensions 20 სმ.
653 ## - INDEX TERM--UNCONTROLLED
Uncontrolled term გეომეტრია
653 ## - INDEX TERM--UNCONTROLLED
Uncontrolled term მათემატიკა
653 ## - INDEX TERM--UNCONTROLLED
Uncontrolled term მხაზველობითი გეომეტრია
700 ## - ADDED ENTRY--PERSONAL NAME
Personal name გულისაშვილი, ა
Relator term რედაქტორი
9 (RLIN) 1618
942 ## - ADDED ENTRY ELEMENTS (KOHA)
Koha item type წიგნი
Source of classification or shelving scheme
ეგზემპლარები
ჩამოწერის სტატუსი დაკარგული ეგზემპლარის სტატუსი კლასიფიკაციის წყარო ან თაროზე გაწყობის სქემა დაზიანების სტატუსი არ გაიცემა მუდმივი მდებარეობა (დაცვის ადგილი) ამჟამინდელი ადგილსამყოფელი თაროზე განთავსების ადგილი შეძენის თარიღი ღირებულება, შესყიდვის ნორმალური ფასი სრული შენახვის შიფრი შტრიხკოდი ბოლო ოპერაციის თარიღი ეგზემპლარის მიმდევრობითი ნომერი (კეტერი?) ფასის ძალაში შესვლის თარიღი ეგზემპლარის სახეობა საჯარო შენიშვნა
          ტექნოლოგიური ფაკულტეტის ბიბლიოთეკა ტექნოლოგიური ფაკულტეტის ბიბლიოთეკა წიგნსაცავი 2018-12-17 0.98 514.18(076.1) გ–94 10097 2018-12-17 10097 2018-12-17 წიგნი 0.98 თ
          ტექნოლოგიური ფაკულტეტის ბიბლიოთეკა ტექნოლოგიური ფაკულტეტის ბიბლიოთეკა წიგნსაცავი 2018-12-17 0.98 514.18(076.1) გ–94 10098 2018-12-17 10098 2018-12-17 წიგნი 0.98 თ.
          ტექნოლოგიური ფაკულტეტის ბიბლიოთეკა ტექნოლოგიური ფაკულტეტის ბიბლიოთეკა წიგნსაცავი 2018-12-17 0.98 514.18(076.1) გ–94 10099 2018-12-17 10099 2018-12-17 წიგნი 0.98 თ.
          ტექნოლოგიური ფაკულტეტის ბიბლიოთეკა ტექნოლოგიური ფაკულტეტის ბიბლიოთეკა წიგნსაცავი 2018-12-17 0.98 514.18(076.1) გ–94 10100 2018-12-17 10100 2018-12-17 წიგნი 0.98 თ.
          ტექნოლოგიური ფაკულტეტის ბიბლიოთეკა ტექნოლოგიური ფაკულტეტის ბიბლიოთეკა წიგნსაცავი 2019-06-03 0.98 514.18(076.1) გ–94 10096 2019-06-03 10096 2019-06-03 წიგნი 0.98 თ